000 00420cam a2200181ua 4500
020 _c1.50
041 _ahin
_h
082 _a891.54
_bMYD/TI
100 _aMythili Sharan, Gupta.
245 _aTilothama /
_cMydhilisharan gupta.
_hTextual Documents
250 _a1 /
_b.
260 _a :
_bSahithya Sadan ,
_c1951.
300 _a108 ; .
365 _a1.50
504 _a
942 _cBK
999 _c8397
_d8397